Songs by Musical - Tile Select #3 - Statistics

General Stats
  • This quiz has been taken 380 times
  • The average score is 85 of 100
Answer Stats
Question Tile Select % Correct
Wicked Climb Ev'ry Mountain No
95%
Wicked Do-Re-Mi No
95%
Wicked My Favorite Things No
95%
Wicked The Rum Tum Tugger No
95%
Wicked The Worst Pies in London No
95%
Cats A Little Priest No
94%
Wicked A Little Priest No
94%
Cats Defying Gravity No
94%
The Sound of Music Defying Gravity No
94%
Cats Do-Re-Mi No
94%
Wicked Edelweiss No
94%
The Sound of Music For Forever No
94%
The Sound of Music Memory No
94%
The Sound of Music Mr Mistofelees No
94%
Wicked Old Deuteronomy No
94%
The Sound of Music Pirelli's Death No
94%
Cats Popular No
94%
The Sound of Music Popular No
94%
Cats Sincerely, Me No
94%
The Sound of Music The Worst Pies in London No
94%
The Sound of Music You Will Be Found No
94%
Cats Climb Ev'ry Mountain No
93%
Cats For Forever No
93%
Cats For Good No
93%
The Sound of Music For Good No
93%
Wicked Mr Mistofelees No
93%
Cats My Favorite Things No
93%
Cats Pretty Women No
93%
The Sound of Music Pretty Women No
93%
Wicked Pretty Women No
93%
The Sound of Music Sincerely, Me No
93%
The Sound of Music The Rum Tum Tugger No
93%
The Sound of Music Waving Through a Window No
93%
Wicked Memory No
92%
The Sound of Music Old Deuteronomy No
92%
Cats Waving Through a Window No
92%
Wicked Waving Through a Window No
92%
The Sound of Music A Little Priest No
91%
Cats Dancing Through Life No
91%
Cats Edelweiss No
91%
Cats The Worst Pies in London No
91%
Cats You Will Be Found No
91%
Wicked Pirelli's Death No
90%
The Sound of Music Dancing Through Life No
89%
Wicked You Will Be Found No
89%
The Sound of Music My Favorite Things Yes
88%
Wicked Defying Gravity Yes
87%
The Sound of Music Do-Re-Mi Yes
87%
Dear Evan Hansen Do-Re-Mi No
87%
Wicked Sincerely, Me No
87%
Dear Evan Hansen Defying Gravity No
86%
Dear Evan Hansen Edelweiss No
86%
Dear Evan Hansen Mr Mistofelees No
86%
Dear Evan Hansen My Favorite Things No
86%
Dear Evan Hansen The Rum Tum Tugger No
86%
Sweeney Todd: The Demon Barber of Fleet Street Defying Gravity No
85%
Sweeney Todd: The Demon Barber of Fleet Street Do-Re-Mi No
85%
Sweeney Todd: The Demon Barber of Fleet Street My Favorite Things No
85%
Dear Evan Hansen Old Deuteronomy No
85%
Dear Evan Hansen The Worst Pies in London No
85%
Dear Evan Hansen Climb Ev'ry Mountain No
84%
Sweeney Todd: The Demon Barber of Fleet Street For Good No
84%
Dear Evan Hansen Memory No
84%
Sweeney Todd: The Demon Barber of Fleet Street Memory No
84%
Sweeney Todd: The Demon Barber of Fleet Street Popular No
84%
Sweeney Todd: The Demon Barber of Fleet Street Climb Ev'ry Mountain No
83%
Wicked For Forever No
83%
Dear Evan Hansen Pirelli's Death No
83%
Sweeney Todd: The Demon Barber of Fleet Street Sincerely, Me No
83%
Sweeney Todd: The Demon Barber of Fleet Street You Will Be Found No
83%
Sweeney Todd: The Demon Barber of Fleet Street Edelweiss No
82%
Dear Evan Hansen For Good No
82%
Cats Pirelli's Death No
82%
Dear Evan Hansen Popular No
82%
Dear Evan Hansen Pretty Women No
82%
Sweeney Todd: The Demon Barber of Fleet Street Dancing Through Life No
81%
Sweeney Todd: The Demon Barber of Fleet Street For Forever No
81%
Sweeney Todd: The Demon Barber of Fleet Street Mr Mistofelees No
81%
Dear Evan Hansen A Little Priest No
80%
Cats Memory Yes
80%
Wicked Popular Yes
80%
Sweeney Todd: The Demon Barber of Fleet Street Waving Through a Window No
80%
Cats Mr Mistofelees Yes
79%
Dear Evan Hansen Dancing Through Life No
78%
The Sound of Music Edelweiss Yes
78%
Sweeney Todd: The Demon Barber of Fleet Street The Rum Tum Tugger No
77%
Sweeney Todd: The Demon Barber of Fleet Street The Worst Pies in London Yes
76%
The Sound of Music Climb Ev'ry Mountain Yes
74%
Cats The Rum Tum Tugger Yes
73%
Dear Evan Hansen Sincerely, Me Yes
71%
Sweeney Todd: The Demon Barber of Fleet Street Old Deuteronomy No
69%
Dear Evan Hansen Waving Through a Window Yes
67%
Dear Evan Hansen You Will Be Found Yes
67%
Wicked For Good Yes
63%
Sweeney Todd: The Demon Barber of Fleet Street Pirelli's Death Yes
60%
Cats Old Deuteronomy Yes
59%
Sweeney Todd: The Demon Barber of Fleet Street A Little Priest Yes
55%
Dear Evan Hansen For Forever Yes
52%
Wicked Dancing Through Life Yes
49%
Sweeney Todd: The Demon Barber of Fleet Street Pretty Women Yes
44%
No matching quizzes found
Score Distribution
Percent of People with Each Score
Percentile by Number Answered
Your Score History
You have not taken this quiz